[Event "Olimpiade 2024 - Donne"]
[Site "Budapest"]
[Date "20.09.2024"]
[Round "9.63"]
[Board "2"]
[White "Acham, Meritza"]
[Black "Kaslan, Alexandra"]
[Result "1-0"]
[WhiteTitle "WCM"]
[BlackTitle "WCM"]
[WhiteElo "1667"]
[BlackElo "1675"]
[WhiteTeam "Mauritius"]
[BlackTeam "Suriname"]
[WhiteFideId "9700374"]
[BlackFideId "8201340"]
[EventDate "2024.09.11"]

1. d4 Nf6 2. c4 e6 3. Nc3 d5 4. Bg5 Be7 5. e3 c6 6. Nf3 Nbd7 7. Bd3 O-O 8. O-O
h6 9. Bh4 c5 10. dxc5 dxc4 11. Bxc4 Nxc5 12. Qc2 Qc7 13. Rad1 Ncd7 14. Nb5 Qc5
15. Bg3 Nh5 16. Bd6 Bxd6 17. Nxd6 Nb6 18. Bd3 Qxc2 19. Bxc2 Nd5 20. Ne5 b6 21.
Ndxf7 Rxf7 22. Bg6 Rc7 23. Bxh5 Ba6 24. Rfe1 Rf8 25. Bg6 Ne7 26. Be4 Nf5 27. Rc1
Rfc8 28. Rxc7 Rxc7 29. Rd1 Kf8 30. Bc6 Ke7 31. g4 Nh4 32. Be4 Kf6 33. f4 g5 34.
Kf2 Bb7 35. Bxb7 Rxb7 36. Rd7 Rxd7 37. Nxd7+ Ke7 38. Ne5 Kf6 39. Kg3 b5 40. b4
a6 41. Nd7+ Ke7 42. Nc5 a5 43. bxa5 Kd6 44. Nxe6 Ng6 45. a6 Kc6 46. Nd4+ Kb6 47.
Nxb5 Kxa6 48. f5 Ne5 49. Nd6 Ka5 50. f6 Nd7 51. f7 Kb6 52. Nf5 Kc6 53. Nxh6 1-0

[Event "Olimpiade 2024 - Donne"]
[Site "Budapest"]
[Date "20.09.2024"]
[Round "9.64"]
[Board "1"]
[White "Chen, Chi"]
[Black "Nomcebo, Sibisi"]
[Result "1-0"]
[WhiteElo "1746"]
[BlackElo "1570"]
[WhiteTeam "Chinese Taipei"]
[BlackTeam "Eswatini"]
[WhiteFideId "16301633"]
[BlackFideId "20701152"]
[EventDate "2024.09.11"]

1. d4 d5 2. Nf3 g6 3. c4 Nf6 4. Nc3 Bg7 5. Bf4 c6 6. e3 Bf5 7. Qb3 b6 8. cxd5
Nxd5 9. Nxd5 Be6 10. Nc7+ Qxc7 11. Bxc7 Bxb3 12. axb3 Nd7 13. Ba6 O-O 14. Bb7 c5
15. Bxa8 Rxa8 16. Ne5 Nf6 17. Bxb6 cxd4 18. Bxd4 a6 19. O-O Nd5 20. Nc6 f6 21.
e4 e5 22. Bxe5 Nb6 23. Bc7 Nd7 24. Rfd1 Nc5 25. e5 fxe5 26. Bxe5 Bxe5 27. Nxe5
Nxb3 28. Ra3 Nc5 29. Rc3 Na4 30. Rc7 Nb6 31. Rb7 Re8 32. Rxb6 Rxe5 33. Rb7 Kf8
34. f4 Re4 35. Rdd7 Re1+ 36. Kf2 Re4 37. Rxh7 Kg8 38. Kf3 Re6 39. Rhc7 Rf6 40.
Rc8+ Rf8 41. Rxf8+ Kxf8 42. b4 g5 43. fxg5 a5 44. bxa5 Ke8 45. a6 Kf8 46. a7 Ke8
47. a8=Q# 1-0

[Event "Olimpiade 2024 - Donne"]
[Site "Budapest"]
[Date "20.09.2024"]
[Round "9.64"]
[Board "2"]
[White "Nkwanyane Nolwazi"]
[Black "Shih, Ching-An"]
[Result "0-1"]
[BlackTitle "WFM"]
[WhiteElo "1542"]
[BlackElo "1734"]
[WhiteTeam "Eswatini"]
[BlackTeam "Chinese Taipei"]
[WhiteFideId "20701381"]
[BlackFideId "16300653"]
[EventDate "2024.09.11"]

1. d4 d5 2. c4 e6 3. Nc3 Nf6 4. Nf3 c6 5. cxd5 exd5 6. a3 Bd6 7. Bg5 Nbd7 8. e3
h6 9. Bh4 Qc7 10. Rc1 a6 11. Bxf6 Nxf6 12. g3 Qe7 13. Bg2 O-O 14. Na4 Bg4 15.
O-O Ne4 16. Qe1 Rad8 17. Nd2 Ng5 18. h4 Ne4 19. Nxe4 dxe4 20. Nc5 Bxc5 21. Rxc5
Rd5 22. b4 Rfd8 23. Qb1 Bf3 24. Kh2 g5 25. hxg5 hxg5 26. Bxf3 exf3 27. Rh1 Kg7
28. Rxd5 cxd5 29. Kg1 Qe4 30. Qxe4 dxe4 31. Kh2 Rh8+ 32. Kg1 Rc8 33. Kh2 Rc2 34.
Rf1 Ra2 35. Kg1 Rxa3 36. Rb1 b6 37. Kf1 a5 38. bxa5 bxa5 39. Ke1 a4 40. Rb2 Rd3
41. d5 a3 42. Ra2 Kf6 43. Rc2 Rxd5 44. Rc6+ Kf5 45. Ra6 Rd3 46. Ra5+ Kg4 47. Ra4
f5 48. Ra5 Rb3 49. Kd1 Rb1+ 50. Kc2 Rb2+ 0-1

[Event "Olimpiade 2024 - Donne"]
[Site "Budapest"]
[Date "20.09.2024"]
[Round "9.64"]
[Board "3"]
[White "Chen, I-Chen"]
[Black "Dlamini Sincobile"]
[Result "1-0"]
[WhiteTitle "WFM"]
[WhiteElo "1771"]
[BlackElo "1572"]
[WhiteTeam "Chinese Taipei"]
[BlackTeam "Eswatini"]
[WhiteFideId "16300181"]
[BlackFideId "20700997"]
[EventDate "2024.09.11"]

1. e4 e5 2. Nf3 Nc6 3. d4 exd4 4. Nxd4 Bc5 5. Be3 Bb6 6. Nc3 Nge7 7. Qd2 d6 8.
Bc4 Ne5 9. Be2 Bxd4 10. Bxd4 Be6 11. f4 Nc4 12. Bxc4 Bxc4 13. Bxg7 Rg8 14. Qd4
Nc6 15. Qxc4 Rxg7 16. g3 Qd7 17. O-O-O Qe6 18. Nd5 O-O-O 19. Kb1 Kb8 20. Rde1 f6
21. Qc3 Rf7 22. Qd2 Re8 23. Re2 Qg4 24. Rhe1 Qg7 25. a3 Ne7 26. Ne3 Nc6 27. Nf5
Qh8 28. Qd5 Qf8 29. Qc4 Ne7 30. Nd4 Ng6 31. Qb3 Ka8 32. Qc4 Qe7 33. Re3 Qd7 34.
Nf5 Rff8 35. Rc3 Rc8 36. Rce3 Rce8 37. Qc3 Qf7 38. Nh6 Qg7 39. Nf5 Qf7 40. Nd4
a6 41. h4 h5 42. Qd2 Rh8 43. Qe2 Qd7 44. Nb3 Qc8 45. Qd3 Rhg8 46. Qe2 Rh8 47.
Nc1 c5 48. Qd3 Rd8 49. e5 Nf8 50. exf6 Nh7 51. f7 c4 52. Qg6 Nf8 53. Qf6 Nh7 54.
Qd4 Kb8 55. Re7 Rhf8 56. Qg7 Rh8 57. Re8 Rdxe8 58. Rxe8 Rxe8 59. fxe8=Q Qxe8 60.
Qxh7 Qe1 61. Qg8+ Ka7 62. Qxc4 Qxg3 63. f5 Qe5 64. Qf1 Qf6 65. Qf4 Kb8 66. Qg5
Qxg5 67. hxg5 h4 68. Ne2 h3 69. Ng3 1-0

[Event "Olimpiade 2024 - Donne"]
[Site "Budapest"]
[Date "20.09.2024"]
[Round "9.64"]
[Board "4"]
[White "Nosimilo, Mkhonto"]
[Black "Tsai, Sophie Yi-Hsuan"]
[Result "0-1"]
[BlackTitle "WCM"]
[WhiteElo "1561"]
[BlackElo "1668"]
[WhiteTeam "Eswatini"]
[BlackTeam "Chinese Taipei"]
[WhiteFideId "20700130"]
[BlackFideId "16302087"]
[EventDate "2024.09.11"]

1. e4 c5 2. Nf3 g6 3. Bc4 Bg7 4. c3 e6 5. d4 cxd4 6. cxd4 d5 7. exd5 exd5 8.
Bb5+ Bd7 9. Qe2+ Qe7 10. Qxe7+ Nxe7 11. Nc3 Nbc6 12. Bxc6 Bxc6 13. O-O O-O 14.
Re1 Nf5 15. Be3 Rfe8 16. a4 a6 17. b4 b5 18. a5 Rac8 19. Rac1 Bb7 20. g4 Nd6 21.
h4 Rc4 22. Na2 Re4 23. g5 Nf5 24. Kf1 Nxh4 25. Nd2 Rxc1 26. Nxc1 Re8 27. Nd3 Bf8
28. Nc5 Bxc5 29. dxc5 d4 30. Rc1 dxe3 31. fxe3 Rxe3 32. c6 Bc8 33. c7 Kf8 34.
Kf2 Re7 35. Kg3 Nf5+ 36. Kf4 Nd4 37. Rh1 Rxc7 38. Rxh7 Ne6+ 39. Kg4 Kg8 40. Rh1
Rc3 41. Re1 Nc5+ 42. Kh4 Rh3# 0-1

[Event "Olimpiade 2024 - Donne"]
[Site "Budapest"]
[Date "20.09.2024"]
[Round "9.65"]
[Board "2"]
[White "Ibtihal Osman"]
[Black "Marcos, Taqesyah"]
[Result "0-1"]
[WhiteTitle "WCM"]
[WhiteElo "1626"]
[BlackElo "1679"]
[WhiteTeam "Sudan"]
[BlackTeam "Netherlands Antilles"]
[WhiteFideId "12201529"]
[BlackFideId "7500610"]
[EventDate "2024.09.11"]

1. e4 c6 2. Nf3 d5 3. e5 Bg4 4. Be2 e6 5. O-O c5 6. d4 Nc6 7. c3 Qb6 8. dxc5
Bxc5 9. b4 Bxf3 10. Bxf3 Bf8 11. Be3 Qc7 12. Re1 Nxe5 13. Bxd5 Nd7 14. Bf3 Ngf6
15. Qb3 Bd6 16. h3 O-O 17. Nd2 Ne5 18. Be2 Rac8 19. Rac1 Nd5 20. Bf1 Rfd8 21.
Ne4 Be7 22. a3 Nxe3 23. Rxe3 Qb6 24. Ree1 Nd3 25. Bxd3 Rxd3 26. Qb1 Rcd8 27.
Rcd1 Qb5 28. Rxd3 Qxd3 29. Qxd3 Rxd3 30. Rc1 f5 31. Ng3 Bf6 32. Ne2 g5 33. a4 a6
34. c4 Kf7 35. b5 axb5 36. cxb5 Be5 37. g3 f4 38. gxf4 gxf4 39. Kh2 Rd2 40. Nc3
Rxf2+ 41. Kg1 Rf3 42. Ne4 Ke7 43. Kg2 Re3 44. Ng5 Rg3+ 45. Kf2 Rxg5 46. Rc4 Kd7
47. b6 Bd6 48. Re4 Re5 49. Rc4 Rc5 50. Re4 e5 51. Re2 Ra5 52. Ra2 Kc6 53. Kf3
Kxb6 54. Ke4 Kc6 55. Rc2+ Kd7 56. Kf5 Rxa4 57. Rg2 f3 58. Rg7+ Kc6 59. Rg1 Rf4+
60. Kg5 f2 61. Rf1 e4 62. h4 e3 63. h5 e2 64. Rc1+ Kd7 65. h6 f1=Q 66. Rc3 Qg2+ 0-1

[Event "Olimpiade 2024 - Donne"]
[Site "Budapest"]
[Date "20.09.2024"]
[Round "9.65"]
[Board "3"]
[White "Pourier, Dianthely"]
[Black "Sabreen Oraby"]
[Result "0-1"]
[WhiteElo "1548"]
[BlackElo "1812"]
[WhiteTeam "Netherlands Antilles"]
[BlackTeam "Sudan"]
[WhiteFideId "7501641"]
[BlackFideId "10610499"]
[EventDate "2024.09.11"]

1. d4 Nf6 2. Nf3 g6 3. Bf4 Bg7 4. e3 d6 5. Bg3 O-O 6. c3 Nh5 7. a4 e5 8. Be2
Nxg3 9. hxg3 Bg4 10. Nbd2 Re8 11. Qc2 exd4 12. cxd4 Nc6 13. Rh4 Bf5 14. Qb3 g5
15. Rh5 Bg4 16. Rxg5 Bxf3 17. Nxf3 Qe7 18. Qc2 Nb4 19. Qf5 Qe4 20. Qxe4 Rxe4 21.
Rc1 c6 22. Nd2 Re7 23. Bf3 Nd3+ 24. Kd1 Nxc1 25. Kxc1 h6 26. Rg4 Rc8 27. Nc4 Rd8
28. b4 Kh7 29. d5 b5 30. axb5 cxb5 31. Na5 Re5 32. Kd2 Rg5 33. Rh4 Rd7 34. Be4+
Kg8 35. Bd3 Rxd5 36. e4 Rg5 37. Bxb5 Rxb5 38. Ke3 Rxb4 39. Rg4 Rc7 0-1

[Event "Olimpiade 2024 - Donne"]
[Site "Budapest"]
[Date "20.09.2024"]
[Round "9.65"]
[Board "4"]
[White "Rawan Mansor"]
[Black "Pieter, Liana"]
[Result "1-0"]
[WhiteElo "1717"]
[BlackElo "1619"]
[WhiteTeam "Sudan"]
[BlackTeam "Netherlands Antilles"]
[WhiteFideId "12200794"]
[BlackFideId "7502192"]
[EventDate "2024.09.11"]

1. d4 d5 2. Bf4 Bf5 3. e3 e6 4. c3 Nf6 5. Nf3 Bd6 6. Bg3 Nc6 7. Bd3 Bg6 8. Qc2
Bxd3 9. Qxd3 Ne4 10. Nbd2 f5 11. Bxd6 Qxd6 12. h3 a6 13. O-O-O O-O-O 14. Rdf1 h5
15. Rhg1 h4 16. Qc2 Qe7 17. Nxe4 fxe4 18. Nh2 e5 19. Ng4 exd4 20. exd4 Rde8 21.
Re1 Qg5+ 22. Kb1 Rhf8 23. Re2 Re7 24. Rge1 Rfe8 25. Qc1 Qf5 26. Qc2 Qf4 27. Qd2
g5 28. Re3 b5 29. Qc2 Kd8 30. Qb3 Qd6 31. a4 Na5 32. Qa2 bxa4 33. Qxa4 Nc4 34.
R3e2 Re6 35. b3 Qb6 36. Kc2 Na5 37. Ra1 Nb7 38. Ne5 R8e7 39. Kc1 c5 40. Rea2
cxd4 41. cxd4 Rc7+ 42. Rc2 Rxc2+ 43. Kxc2 Rxe5 44. dxe5 Qxf2+ 45. Kc3 Qe3+ 46.
Kb2 Qf2+ 47. Ka3 Qc5+ 48. Qb4 Qa5+ 49. Qxa5+ Nxa5 50. Kb4 Nc6+ 51. Kc5 1-0

[Event "Olimpiade 2024 - Donne"]
[Site "Budapest"]
[Date "20.09.2024"]
[Round "9.66"]
[Board "1"]
[White "Callender, Jessica"]
[Black "Vilhete, Vania Fausto Da T."]
[Result "0-1"]
[WhiteTitle "WCM"]
[BlackTitle "WIM"]
[WhiteElo "1579"]
[BlackElo "1877"]
[WhiteTeam "Guyana"]
[BlackTeam "Mozambique"]
[WhiteFideId "19700547"]
[BlackFideId "14800144"]
[EventDate "2024.09.11"]

1. Nf3 d5 2. g3 Nf6 3. d3 e6 4. Bg2 Be7 5. O-O O-O 6. Nbd2 c5 7. e4 Nc6 8. e5
Nd7 9. Re1 Qc7 10. Qe2 b6 11. Nf1 Ba6 12. h4 Rac8 13. N1h2 Nd4 14. Qd1 Rfe8 15.
Bg5 Nxe5 16. Bf4 Nexf3+ 17. Bxf3 Nxf3+ 18. Nxf3 Bd6 19. Bxd6 Qxd6 20. Kg2 Bb7
21. d4 cxd4 22. Nxd4 a6 23. c3 e5 24. Nf5 Qf6 25. Qg4 g6 26. Nh6+ Kg7 27. Qg5
d4+ 28. Kh3 Qxf2 29. Rg1 f6 30. Ng4 fxg5 31. Nxf2 gxh4 32. cxd4 hxg3 33. Rxg3
exd4 34. Rd1 Rc2 0-1

[Event "Olimpiade 2024 - Donne"]
[Site "Budapest"]
[Date "20.09.2024"]
[Round "9.66"]
[Board "2"]
[White "Efentakis, Katina"]
[Black "Shariff, Sasha Christina"]
[Result "1/2-1/2"]
[BlackTitle "WCM"]
[WhiteElo "1650"]
[BlackElo "1538"]
[WhiteTeam "Mozambique"]
[BlackTeam "Guyana"]
[WhiteFideId "14800659"]
[BlackFideId "19700687"]
[EventDate "2024.09.11"]

1. e4 e5 2. Bc4 Nf6 3. d3 Be7 4. Nf3 Nc6 5. c3 h6 6. O-O O-O 7. Nbd2 d6 8. Bb3
Be6 9. Bc2 d5 10. exd5 Bxd5 11. Re1 Bd6 12. Nf1 Re8 13. Ng3 Qd7 14. h3 Re7 15.
Be3 e4 16. Nxe4 Nxe4 17. dxe4 Bxe4 18. Bxe4 Rxe4 19. Nd2 Re7 20. Nc4 Rd8 21. Qc2
Qe6 22. Nxd6 cxd6 23. Qd2 Qd7 24. Rad1 b6 25. Bf4 Rxe1+ 26. Qxe1 Re8 27. Qd2 Qe6
28. b3 d5 29. Be3 Ne7 30. Re1 Nf5 31. Kf1 Qe4 32. Bf4 Qxe1+ 33. Qxe1 Rxe1+ 34.
Kxe1 Nh4 35. Bg3 Nf5 36. Kd2 Kf8 37. Bb8 a6 38. a4 b5 39. axb5 axb5 40. g4 Ne7
41. Bd6 Ke8 42. Bxe7 Kxe7 43. Ke3 Ke6 44. Kd4 Kd6 45. h4 g5 46. hxg5 hxg5 47. f3
f6 48. Kd3 Ke6 49. Kd4 Kd6 50. b4 Kc6 51. Ke3 Kd6 52. f4 Ke6 53. fxg5 fxg5 54.
Kf3 Kf6 55. Ke2 Ke6 56. Kd3 Kd7 57. Ke3 Ke6 58. Kd3 Kd7 59. Kd2 Ke6 60. Kd3 Kd7
61. Ke3 Ke6 62. Kd3 Kd7 63. Ke3 Ke6 64. Kd2 Kd7 65. Ke3 Ke6 66. Kd4 Kd6 67. Kd3
Ke6 1/2-1/2

[Event "Olimpiade 2024 - Donne"]
[Site "Budapest"]
[Date "20.09.2024"]
[Round "9.66"]
[Board "3"]
[White "Clement, Ciel Desiree"]
[Black "Castro, Neusa Aridas De"]
[Result "0-1"]
[BlackTitle "WCM"]
[WhiteElo "1460"]
[BlackElo "1684"]
[WhiteTeam "Guyana"]
[BlackTeam "Mozambique"]
[WhiteFideId "19702124"]
[BlackFideId "14800250"]
[EventDate "2024.09.11"]

1. e4 e6 2. d4 d5 3. Bd3 Ne7 4. Nf3 Ng6 5. exd5 exd5 6. O-O Be7 7. Re1 O-O 8. h3
Nd7 9. Nc3 Nf6 10. Be3 c6 11. a3 Qc7 12. Qd2 Bd6 13. Re2 Be6 14. Rae1 Nf4 15.
Bxf4 Bxf4 16. Qd1 Rfe8 17. Na2 Rad8 18. c3 Qd7 19. Ne5 Qc8 20. h4 Rf8 21. Bc2 g6
22. Nc1 Qc7 23. Ncd3 Bh6 24. f4 Ne4 25. Re3 f6 26. Ng4 Bxf4 27. Nxf4 Qxf4 28.
Bxe4 Bxg4 29. Bf3 Bxf3 30. Rxf3 Qxh4 31. Re7 Rf7 32. Re6 Qg4 33. Qe2 Rdf8 34.
Re7 Qc8 35. Re6 f5 36. Rfe3 f4 37. R3e5 f3 38. gxf3 Rxf3 39. Qxf3 Rxf3 40. Re8+
Qxe8 41. Rxe8+ Kg7 42. Rb8 Rf7 43. Kg2 Kh6 44. Re8 Kg5 45. Kg3 h5 46. Re3 a6 47.
Kh3 Kh6 48. Kh4 g5+ 49. Kg3 h4+ 50. Kh3 Kh5 51. Re5 a5 52. a4 Rf2 53. b4 Rf3+
54. Kg2 Rxc3 55. b5 Kg4 56. bxc6 bxc6 57. Re2 Rc4 58. Ra2 Rxd4 59. Ra3 c5 0-1

[Event "Olimpiade 2024 - Donne"]
[Site "Budapest"]
[Date "20.09.2024"]
[Round "9.66"]
[Board "4"]
[White "Sandramo, Chineva Rufino"]
[Black "Archibald, Treskole"]
[Result "1-0"]
[WhiteElo "1524"]
[BlackElo "1444"]
[WhiteTeam "Mozambique"]
[BlackTeam "Guyana"]
[WhiteFideId "14802171"]
[BlackFideId "11104031"]
[EventDate "2024.09.11"]

1. e4 e5 2. Nf3 Nc6 3. Bc4 Be7 4. c3 d6 5. d3 Nf6 6. Nbd2 h6 7. Nf1 a6 8. Bb3
Be6 9. Bc2 d5 10. Ng3 Qd7 11. Be3 d4 12. Bd2 O-O 13. O-O Rad8 14. h3 Rfe8 15.
Qc1 Bf8 16. Re1 Nh7 17. Nh4 Ne7 18. Kh2 Qc6 19. c4 Bd7 20. Nhf5 Nxf5 21. Nxf5
Qg6 22. Ng3 h5 23. Bd1 h4 24. Nf1 f5 25. Bf3 f4 26. Qd1 Qg5 27. Kh1 Nf6 28. Nh2
Qh6 29. Ng4 Nxg4 30. Bxg4 Re7 31. Bb4 Rf7 32. Bxf8 Rdxf8 33. Bxd7 Rxd7 34. b4
Rf6 35. Qg4 Rdf7 36. f3 Kh7 37. a4 c6 38. Rab1 Rc7 39. Rec1 Rg6 40. Qf5 Qg5 41.
Qxg5 Rxg5 42. b5 c5 43. bxa6 bxa6 44. Rb6 Rg6 45. Rcb1 Rgc6 46. a5 Rxb6 47. Rxb6
Ra7 48. Rc6 Rb7 49. Rb6 Ra7 50. Kg1 g6 51. Kf2 Kh6 52. Ke2 Kg7 53. Kd2 g5 54.
Kc2 Kf7 55. Rc6 1-0

[Event "Olimpiade 2024 - Donne"]
[Site "Budapest"]
[Date "20.09.2024"]
[Round "9.67"]
[Board "1"]
[White "Lyons, Kieran"]
[Black "Ahmed, Najla"]
[Result "1-0"]
[WhiteTitle "WFM"]
[WhiteElo "1818"]
[BlackElo "1539"]
[WhiteTeam "Fiji"]
[BlackTeam "Bahrain"]
[WhiteFideId "11400102"]
[BlackFideId "11205270"]
[EventDate "2024.09.11"]

1. e4 e6 2. Nc3 d5 3. Nf3 d4 4. Ne2 c5 5. c3 e5 6. Nxe5 Qe7 7. cxd4 cxd4 8. Qa4+
Nd7 9. Nxd7 Bxd7 10. Qxd4 Bc6 11. Nc3 Nf6 12. Bb5 Bxb5 13. Nxb5 Nxe4 14. O-O Nc5
15. Qc3 Kd8 16. d4 Na4 17. Qa5+ Nb6 18. a3 Kd7 19. Bf4 Qf6 20. Be5 Qh6 21. Rac1
Be7 22. Rc7+ Ke8 23. Rxb7 Kf8 24. Rxa7 Rxa7 25. Qxa7 Qe6 26. Qb8+ Nc8 27. Rc1 f6
28. Qxc8+ Kf7 29. Qxh8 fxe5 30. Qxh7 Qb3 31. Qf5+ Ke8 32. Rc8+ Bd8 33. Nd6+ Ke7
34. Qxe5+ Kd7 35. Qxg7+ Be7 36. Rc7+ Kxc7 37. Qxe7+ Kc6 38. Qb7+ Qxb7 39. Nxb7
Kxb7 40. h4 1-0

[Event "Olimpiade 2024 - Donne"]
[Site "Budapest"]
[Date "20.09.2024"]
[Round "9.67"]
[Board "2"]
[White "Almusawi, Maram"]
[Black "Terubea, Cydel"]
[Result "0-1"]
[BlackTitle "WCM"]
[WhiteElo "1510"]
[BlackElo "1681"]
[WhiteTeam "Bahrain"]
[BlackTeam "Fiji"]
[WhiteFideId "11205458"]
[BlackFideId "11400455"]
[EventDate "2024.09.11"]

1. d4 d5 2. c4 e6 3. Nc3 Nf6 4. Bg5 Nbd7 5. e3 c6 6. cxd5 exd5 7. Nf3 Qa5 8. Nd2
Bb4 9. Qc2 a6 10. a3 Bd6 11. Bd3 c5 12. O-O Qc7 13. Nf3 h6 14. Bh4 O-O 15. Rac1
c4 16. Be2 b5 17. Rfe1 Bb7 18. Bg3 Rfe8 19. b3 Bxg3 20. hxg3 Re7 21. Nh2 Rae8
22. Ng4 Nxg4 23. Bxg4 Nf6 24. Bf3 Qd6 25. Qb2 Bc8 26. bxc4 dxc4 27. Rcd1 Bg4 28.
Bxg4 Nxg4 29. Ne2 g5 30. Qc2 Re4 31. Nc3 Rxe3 32. fxe3 Qxg3 33. Qd2 Qh2+ 0-1

[Event "Olimpiade 2024 - Donne"]
[Site "Budapest"]
[Date "20.09.2024"]
[Round "9.67"]
[Board "3"]
[White "Prasad, Tanvi"]
[Black "Sharaf, Hawra"]
[Result "1/2-1/2"]
[WhiteTitle "WCM"]
[WhiteElo "1564"]
[BlackElo "1595"]
[WhiteTeam "Fiji"]
[BlackTeam "Bahrain"]
[WhiteFideId "11401117"]
[BlackFideId "11205679"]
[EventDate "2024.09.11"]

1. b3 e5 2. Bb2 Nc6 3. e3 Nf6 4. Nf3 e4 5. Ne5 Nxe5 6. Bxe5 b6 7. d3 Bb7 8. Nd2
d5 9. dxe4 Bd6 10. Bxd6 Qxd6 11. exd5 Bxd5 12. Nf3 O-O 13. Bd3 Qb4+ 14. Qd2
Qxd2+ 15. Kxd2 Rad8 16. Ke2 c5 17. Ne1 Rd6 18. f3 Bc6 19. Bf5 Rfd8 20. Nd3 g6
21. Bh3 Nd5 22. e4 Nb4 23. Nxb4 cxb4 24. Rhd1 Bb5+ 25. Ke1 Rxd1+ 26. Rxd1 Rxd1+
27. Kxd1 a5 28. g3 Kg7 29. Kd2 h6 30. Ke3 Kf6 1/2-1/2

[Event "Olimpiade 2024 - Donne"]
[Site "Budapest"]
[Date "20.09.2024"]
[Round "9.67"]
[Board "4"]
[White "Obaid, Sondos"]
[Black "Sukhu, Makayla"]
[Result "1-0"]
[WhiteElo "1457"]
[BlackElo "1521"]
[WhiteTeam "Bahrain"]
[BlackTeam "Fiji"]
[WhiteFideId "11205377"]
[BlackFideId "11401176"]
[EventDate "2024.09.11"]

1. d4 d5 2. Nf3 Nf6 3. Bf4 e6 4. e3 Nc6 5. Nbd2 Bd6 6. c3 O-O 7. Bd3 b6 8. Ne5
Bb7 9. Qf3 Nd7 10. Qh3 h6 11. Ndf3 Qe7 12. g4 f6 13. Ng6 Qf7 14. Nxf8 Rxf8 15.
Bxd6 cxd6 16. Rf1 e5 17. dxe5 dxe5 18. Bf5 e4 19. Nd4 Nde5 20. Be6 Nf3+ 21. Kd1
Ng5 22. Bxf7+ Rxf7 23. Qg3 Nxd4 24. cxd4 Ba6 25. Rh1 Ne6 26. Rc1 Bc4 27. b3 Bd3
28. Kd2 Kh7 29. Qd6 Ng5 30. Qxd5 Nf3+ 31. Kd1 Ng5 32. h4 1-0

[Event "Olimpiade 2024 - Donne"]
[Site "Budapest"]
[Date "20.09.2024"]
[Round "9.68"]
[Board "1"]
[White "Swaminathan, Laia"]
[Black "Lieketseng, Ngatane"]
[Result "1/2-1/2"]
[BlackTitle "WFM"]
[WhiteElo "1620"]
[BlackElo "1651"]
[WhiteTeam "Cayman Islands"]
[BlackTeam "Lesotho"]
[WhiteFideId "33100063"]
[BlackFideId "21300585"]
[EventDate "2024.09.11"]

1. d4 d5 2. c4 e6 3. Nf3 Nf6 4. Bg5 Be7 5. Nc3 c6 6. e3 Nbd7 7. cxd5 exd5 8. Bd3
O-O 9. O-O Nh5 10. Bxe7 Qxe7 11. a3 f5 12. b4 a6 13. Qb3 b5 14. Nxd5 Qf7 15.
Ne7+ Kh8 16. Qxf7 Rxf7 17. Nxf5 Nb6 18. Nd6 Rf6 19. Nxc8 Nxc8 20. Ne5 g6 21. Be2
Ng7 22. Bf3 Ne7 23. Rfc1 Rc8 24. Rc2 Ne6 25. Rac1 Nd8 26. d5 Rf5 27. Nxc6 Nexc6
28. dxc6 Rc7 29. Rd2 Rf8 30. Rd7 Ne6 31. Rxc7 Nxc7 32. Kf1 Rd8 33. Bg4 Kg7 34.
Bd7 Kf6 35. e4 Rf8 36. Ke2 Ke5 37. Ke3 h6 38. Rc5+ Kd6 39. e5+ Ke7 40. f4 h5 41.
Ke4 Rf7 42. Rc1 Kd8 43. e6 Rf6 44. f5 gxf5+ 45. Ke5 Ke7 46. Rf1 Nxe6 47. Bxe6
Rxe6+ 48. Kd5 Re3 49. Rc1 Kd8 50. c7+ Kc8 51. Rc6 Rxa3 52. Kc5 Ra2 53. Kb6 Rxg2
54. Rf6 Rg8 55. Kxa6 Kxc7 56. Kxb5 Rg2 57. Rxf5 Rxh2 58. Rf7+ Kd6 59. Rh7 h4 60.
Kb6 h3 61. b5 Rh1 62. Kb7 h2 63. b6 Ke6 64. Kb8 1/2-1/2

[Event "Olimpiade 2024 - Donne"]
[Site "Budapest"]
[Date "20.09.2024"]
[Round "9.68"]
[Board "3"]
[White "Majid, Zara"]
[Black "Ntsielo, Bonolo"]
[Result "0-1"]
[WhiteElo "1411"]
[BlackElo "1757"]
[WhiteTeam "Cayman Islands"]
[BlackTeam "Lesotho"]
[WhiteFideId "33100624"]
[BlackFideId "21301921"]
[EventDate "2024.09.11"]

1. d4 Nf6 2. Bf4 g6 3. Nc3 d6 4. e4 Nbd7 5. Qd2 h5 6. e5 Ng8 7. O-O-O Nb6 8. Nf3
Bg7 9. g3 Bg4 10. Bg2 Qd7 11. h3 Bxf3 12. Bxf3 O-O-O 13. g4 dxe5 14. dxe5 Qxd2+
15. Rxd2 Rxd2 16. Bxd2 Bxe5 17. Re1 f6 18. g5 Nc4 19. gxf6 exf6 20. Be4 Nxd2 21.
Kxd2 Ne7 22. Bd3 g5 23. b3 c6 24. Ne4 Nd5 25. c4 Nf4 26. Nxg5 Rd8 27. Nf7 Rxd3+
28. Kc2 Rxh3 29. Nxe5 fxe5 30. Rxe5 Rh2 31. Re8+ Kd7 32. Ra8 Rxf2+ 33. Kb1 a6
34. Rb8 Kc7 35. Rh8 Kb6 36. a4 Rh2 37. Rh7 Nd3 38. Ka1 Nc5 39. b4 Nxa4 40. c5+
Ka7 41. Re7 Nc3 42. Rxb7+ Kxb7 43. b5 Ra2# 0-1

[Event "Olimpiade 2024 - Donne"]
[Site "Budapest"]
[Date "20.09.2024"]
[Round "9.68"]
[Board "4"]
[White "Thetsane, Nteboheleng"]
[Black "Patil, Anvita Niranjan"]
[Result "1-0"]
[WhiteElo "1645"]
[BlackElo "1589"]
[WhiteTeam "Lesotho"]
[BlackTeam "Cayman Islands"]
[WhiteFideId "21301930"]
[BlackFideId "33100446"]
[EventDate "2024.09.11"]

1. e4 e5 2. Nf3 Nc6 3. Bc4 Bc5 4. d3 d6 5. Bg5 Nf6 6. h3 Be6 7. Bb3 Qd7 8. c3
Bb6 9. Bc2 O-O-O 10. d4 exd4 11. cxd4 Ba5+ 12. Nbd2 Bc4 13. a3 Bxd2+ 14. Qxd2
Qe6 15. O-O-O Qe7 16. Qc3 Be2 17. Rde1 Bxf3 18. e5 dxe5 19. dxe5 Nd4 20. exf6
Ne2+ 21. Rxe2 Qxe2 22. gxf3 g6 23. Bf4 Rd7 24. Bg3 Re8 25. f4 Rd6 26. Bd1 Qb5
27. Kb1 Rc6 28. Qd4 Qf5+ 29. Ka2 h5 30. Qxa7 Qd5+ 31. Bb3 Qxh1 32. Qa8+ Kd7 33.
Qxb7 Qxh3 34. Qb5 h4 35. Bd5 Re6 36. Bxc6+ Rxc6 37. Qd5+ Rd6 38. Qxf7+ Kc6 39.
Qe8+ Kc5 40. f7 hxg3 41. f8=Q gxf2 42. Qe5+ Kc6 43. Qa8+ Kb6 44. Qea5# 1-0

[Event "Olimpiade 2024 - Donne"]
[Site "Budapest"]
[Date "20.09.2024"]
[Round "9.69"]
[Board "1"]
[White "Gertrude Banini"]
[Black "Lima, Izidora Lourenco"]
[Result "1-0"]
[WhiteElo "1712"]
[BlackElo "1579"]
[WhiteTeam "Ghana"]
[BlackTeam "Sao Tome and Principe"]
[WhiteFideId "12603570"]
[BlackFideId "16900200"]
[EventDate "2024.09.11"]

1. d4 d5 2. Bf4 c5 3. c3 Nc6 4. e3 Nf6 5. Nf3 Bg4 6. Nbd2 e6 7. Bd3 c4 8. Bc2 b5
9. a3 Bd6 10. Bg3 O-O 11. e4 Bxg3 12. hxg3 e5 13. exd5 Qxd5 14. Qb1 g6 15. dxe5
Nxe5 16. Ne4 Nxf3+ 17. gxf3 Nxe4 18. Bxe4 Qe5 19. O-O Rae8 20. Re1 Bf5 21. Bxf5
Qxf5 22. Qxf5 gxf5 23. f4 Kg7 24. Rxe8 Rxe8 25. Kf1 Kf6 26. Rd1 a6 27. Rd6+ Re6
28. Rxe6+ fxe6 29. Ke2 e5 30. Ke3 h5 31. Kf3 Ke6 32. Ke3 Kd5 33. fxe5 Kxe5 34.
f3 f4+ 35. Kf2 a5 36. g4 hxg4 37. fxg4 Ke4 38. Ke2 a4 39. Kf2 f3 40. g5 Kf5 41.
Kxf3 Kxg5 42. Ke4 Kg4 43. Kd4 Kf3 44. Kc5 Ke3 45. Kxb5 Kd3 46. Kb4 1-0